Pavel Vejvanovský and the Kroměříž music collection : perspectives on seventeenth-century music in Moravia /

Hlavní autor: Sehnal, Jiří, 1931-
Jazyk: Angličtina
Vydáno: Olomouc : Palacký University in Olomouc, 2008
Vydání: 1st ed.
Témata:
Fyzický popis: 343 s. : il. (některé barev.), noty, faksim. ; 24 cm
Knihy
Uloženo v:
LEADER 02868nam a2200709 a 4500
001 nkc20091931380
003 CZ PrNK
005 20091102140715.0
007 ta
008 090527s2008 xr agh e 001 0deng
015 |a cnb001931380 
020 |a 978-80-244-2133-9  |q (váz.) 
035 |a (OCoLC)433004732 
040 |a OLA001  |b cze  |d BOA001 
041 1 |a eng  |h cze 
043 |a e------  |a e-xr---  |b e-xr-zl  |2 czenas 
045 |a u5v0 
072 7 |a 78.03  |x Hudební styly, vlivy, školy  |2 Konspekt  |9 9 
080 |a 78-027.22  |2 MRF 
080 |a 78:069.5  |2 MRF 
080 |a 78.089  |2 MRF 
080 |a 78  |2 MRF 
080 |a 78.034.7  |2 MRF 
080 |a (437.323)  |2 MRF 
080 |a (4)  |2 MRF 
080 |a (048.8)  |2 MRF 
100 1 |a Sehnal, Jiří,  |d 1931-  |7 jk01110611  |4 aut 
245 1 0 |a Pavel Vejvanovský and the Kroměříž music collection :  |b perspectives on seventeenth-century music in Moravia /  |c by Jiří Sehnal ; [translated by Judith Marie Fiehler] 
250 |a 1st ed. 
260 |a Olomouc :  |b Palacký University in Olomouc,  |c 2008 
300 |a 343 s. :  |b il. (některé barev.), noty, faksim. ;  |c 24 cm 
500 |a Přeloženo z češtiny? 
504 |a Obsahuje bibliografii, bibliografické odkazy a rejstříky 
600 1 7 |a Vejvanovský, Pavel,  |d asi 1640-1693  |7 jo20000069671  |2 czenas 
600 1 7 |a Liechtenstein-Castelcorno, Karl,  |d 1624-1695  |7 jn20000701054  |2 czenas 
610 2 7 |a Katolická církev.  |b Arcibiskupství olomoucké  |7 ola2002113630  |2 czenas 
648 7 |a 1651-1700  |7 ch460571  |2 czenas 
650 0 7 |a hudební život  |7 ph135177  |z Česko  |y 17. století  |2 czenas 
650 0 7 |a hudební sbírky  |7 ph135174  |z Česko  |2 czenas 
650 0 7 |a hudebniny  |7 ph114722  |y 17. století  |2 czenas 
650 0 7 |a hudba  |7 ph114719  |z Česko  |y 17. století  |2 czenas 
650 0 7 |a hudba  |7 ph114719  |z Evropa  |y 17. století  |2 czenas 
650 0 7 |a barokní hudba  |7 ph118767  |z Česko  |2 czenas 
650 0 7 |a barokní hudba  |7 ph118767  |z Evropa  |2 czenas 
650 0 9 |a musical life  |z Czechia  |y 17th century  |2 eczenas 
650 0 9 |a music collections  |z Czechia  |2 eczenas 
650 0 9 |a sheet music  |y 17th century  |2 eczenas 
650 0 9 |a music  |z Czechia  |y 17th century  |2 eczenas 
650 0 9 |a music  |z Europe  |y 17th century  |2 eczenas 
650 0 9 |a baroque music  |z Czechia  |2 eczenas 
650 0 9 |a baroque music  |z Europe  |2 eczenas 
651 7 |a Kroměříž (Česko)  |7 ge129682  |2 czenas 
651 9 |a Kroměříž (Czechia)  |2 eczenas 
655 7 |a studie  |7 fd133597  |2 czenas 
655 9 |a studies  |2 eczenas 
910 2 |a BOA001  |b 2-1225.611 
928 9 |a Univerzita Palackého v Olomouci 
990 |a BK 
995 |a 01 
991 |b 200907  |c NOV  |j 78 SEH 
996 6 |b 2610382677  |c 2-1225.611  |l MZK  |r HSS 4p  |n 0  |p p.v.  |h 78.03 SEH  |w 000948560  |u 000010  |a 0  |e BOA001  |j MZK50  |s P 
996 7 |b 2610395000  |c 2-1225.611  |l MZK  |r Sklad / do 1 hodiny  |n 12  |p kup  |w 000948560  |u 000020  |a 1  |e BOA001  |j MZK50  |s A